LDR 00634naa#a2200181#i#450# 001 EN\\bibl\122453 005 20260501182944.5 011 ## _a2304-0130 100 ## _a20260410b2026####ek#y0engy0150####ca 102 ## _aRU 200 1# _aPRACTICAL USE OF THE "INSPECTOR" MOBILE APP _eJournal article 210 1# _aSaint-Petersburg _cSaint-Petersburg University of State Fire Service of Emercom of Russia _d2026 215 ## _a5 с. 608 ## _aJournal article _2local 675 ## _aПрочие вопросы, касающиеся пожарной охраны. 614.849 _z 700 #1 _aSay _gAnna R. 700 #1 _aEmelina _gVictoria A. 856 4# _ajournals.igps.ru _u